May 26th: Birthdays - Statistics

General Stats
  • This quiz has been taken 7 times
  • The average score is 4 of 14
Answer Stats
Year Clue Answer % Correct
1907 Actor in True Grit John Wayne
83%
1951 One of the first woman to go to space Sally Ride
83%
1966 Actress in Harry Potter Helena Carter
50%
1949 Artist of Honky Tonk Hank Williams Jr.
33%
1877 Free-Form Dancer Isadora Duncan
33%
1928 Right-to-Die activist Jack Kevorkian
33%
1650 Duke of Marlborough John Churchill
17%
1926 Artist of Kind of Blue Miles Davis
17%
1895 Actor in Watch on the Rhine Paul Lukas
17%
1874 Aviator who broke many records Henri Farman
0%
1975 Artist of Live in Tokyo Lauryn Hill
0%
1964 Most Grammys for Best Male Rock Vocal Perormance Lenny Kravitz
0%
1913 Actor in Doctor Who Peter Cushing
0%
1899 War Criminal Pieter Menten
0%
No matching quizzes found
Score Distribution
Percent of People with Each Score
Percentile by Number Answered
Your Score History
You have not taken this quiz